Television Nerds Quiz Stats

 Plays Quiz Updated Oct 17, 2018

Challenge
Share
Tweet
Embed
Score 0/24 Timer 05:00
1 Play Today
Nerd TV Show % Correct
Carlton BanksThe Fresh Prince of Bel-Air
88.4%
Ross GellerFriends
79.9%
Samuel 'Screech' PowersSaved by the Bell
78.4%
Steve UrkelFamily Matters
77.3%
Milhouse Van HoutenThe Simpsons
73.9%
Dwight SchruteThe Office
73.5%
Kimmy GibblerFull House
66.9%
Hiro NakamuraHeroes
52.4%
Sheldon CooperThe Big Bang Theory
51.9%
Carol SeaverGrowing Pains
43.1%
Barney FifeThe Andy Griffith Show
40.6%
Alan HarperTwo and a Half Men
39.2%
Nerd TV Show % Correct
Neil GoldmanFamily Guy
37%
Stuart MinkusBoy Meets World
32.6%
Chuck BartowskiChuck
31.8%
Paul PfeifferThe Wonder Years
20.9%
Freddie 'Rerun' StubbsWhat's Happening!!
15.2%
Charlie EppesNumb3rs
10.5%
Rusty CartwrightGreek
9.7%
Randy DisherMonk
8.5%
Neal SchweiberFreaks and Geeks
8.2%
Henry GrubstickUgly Betty
4.5%
Marshall FlinkmanAlias
3.7%
Lem HewittBetter Off Ted
3.5%

You're not logged in!

Compare scores with friends on all Sporcle quizzes.
OR
Log In

You Might Also Like...

Show Comments

Extras

Top Quizzes Today


Score Distribution

Your Account Isn't Verified!

In order to create a playlist on Sporcle, you need to verify the email address you used during registration. Go to your Sporcle Settings to finish the process.

Report this User

Report this user for behavior that violates our Community Guidelines.

Details: